000 00641nam a22001695i 4500
001 53715
003 ES-MaACL
007 t|
008 960704s1877 sp ||||1| spa d
040 _aCAM
_bspa
_cCAM
100 1 _aFernández Elías, Clemente.
_949754
245 1 0 _aHistoria del derecho y de su desenvolvimiento en España ó Introducción á los códigos españoles /
_cconcordados y comentados por Clemete Fernández Elías ...
260 _aMadrid :
_b[s.n.],
_c1877 (
_fEstablecimientos tipográficos de M. Minuesa)
300 _a288 p. ;
_c15 cm.
505 8 _aContiene: Primera época: Romana y Goda
852 _aES-MaACL
_jG-10992
999 _c53715
_d53715